| 000 | 00809cam a22002655a 4500 | ||
|---|---|---|---|
| 001 | 006956462 | ||
| 005 | 20180228111233.0 | ||
| 008 | 040220s2004 enk fr 000 0 eng d | ||
| 020 | _a0141017880 | ||
| 020 | _a9780141017884 | ||
| 040 |
_aStDuBDS _dUk _dEG-ScBUE _beng |
||
| 082 | 0 | 4 |
_222 _a629.222 _bCLA |
| 100 | 1 | _aClarkson, Jeremy. | |
| 245 | 1 | 0 |
_aClarkson on cars / _cJeremy Clarkson. |
| 260 |
_aLondon : _bPenguin Books, _c2004. |
||
| 300 |
_a257 p. : _bill. ; _c20 cm. |
||
| 500 | _aPrevious ed.: London: Virgin, 1996. | ||
| 600 | 1 | 7 | _aClarkson, Jeremy. |
| 650 | 7 |
_aAutomobiles _zGreat Britain. _2BUEsh |
|
| 650 | 7 |
_aTelevision journalists _zGreat Britain. _2BUEsh _921820 |
|
| 650 | 7 |
_aAutomobile driving _zGreat Britain. _2BUEsh |
|
| 651 | _2BUEsh | ||
| 653 |
_bGGEN _cFebruary2018 |
||
| 942 | _2ddc | ||
| 999 |
_c26201 _d26173 |
||